000 00407nam a2200157Ia 4500
005 20250616002226.0
008 240331s9999 xx 000 0 und d
020 _a9789555044240
082 _bRAN
_a306
100 _aRanasinghe, N
245 0 _aWedenawe Diyaniyo
260 _bPublished by the author
_c2013
300 _aXi, 64 p .,
500 _aA slogan Condemning violence against Women
942 _cL
999 _c5832
_d5832